000 00556nam a2200205 a 4500
005 20140310183425.0
008 070925s19uu xx 00 eng d
020 _a9810699395
050 _aHG 4521
_b.G547 2006
100 _aGitman, Lawrence J.
245 _aFundamentals of Investing.
250 _a9th ed.
260 _aSingapore :
_bPearson Education,
_c2006.
300 _a1 v. (various pagings) :
_bcol. ill. ;
_c27 cm.
521 _aBSBA
650 _aInvestment
700 _aJoehnk, Michael D.
942 _cBK
_2lcc
_kFOR
999 _c22624
_d22624